List of national committees for the Programme on Man and the Biosphere= Liste des comités nationaux pour le Programme sur l'homme et la biosphère= Lista de los Comités Nacionales para el Programa sobre el Hombre y la Biosfera. (Record no. 136052)
[ view plain ]
| 000 -CABECERA | |
|---|---|
| campo de control de longitud fija | 00683nam a2200169 a 4500 |
| 005 - FECHA Y HORA DE LA ÚLTIMA TRANSACCIÓN | |
| campo de control | 20210219160349.0 |
| 008 - ELEMENTOS DE LONGITUD FIJA--INFORMACIÓN GENERAL | |
| campo de control de longitud fija | 081020s2000 mx r 000 0 spa d |
| 035 ## - NÚMERO DE CONTROL DEL SISTEMA | |
| Número de control de sistema | UPN01000163939 |
| 049 ## - COLECCIÓN | |
| Colección | UNE |
| 080 ## - NÚMERO DE CLASIFICACIÓN DECIMAL UNIVERSAL | |
| Número de la Clasificación Decimal Universal | OC 058.7: 577.4 (100) =20=40 LIS. |
| 245 00 - MENCIÓN DE TÍTULO | |
| Título | List of national committees for the Programme on Man and the Biosphere= Liste des comités nationaux pour le Programme sur l'homme et la biosphère= Lista de los Comités Nacionales para el Programa sobre el Hombre y la Biosfera. |
| 260 ## - PUBLICACIÓN, DISTRIBUCIÓN, ETC. | |
| Lugar de publicación, distribución, etc. | Paris : UNESCO, 1986. |
| 300 ## - DESCRIPCIÓN FÍSICA | |
| Extensión | 161 p. |
| 690 ## - PUNTO DE ACCESO ADICIONAL DE MATERIA LOCAL--TÉRMINO DE MATERIA (OCLC, RLIN) | |
| Término de materia o nombre geográfico como elemento inicial | Directorios- Comites- Medio ambiente |
| 710 2# - ASIENTO SECUNDARIO - NOMBRE CORPORATIVO | |
| Nombre de entidad corporativa o nombre de jurisdicción como elemento de entrada | MAB. Programa sobre el Hombre y la Biosfera |
| 905 ## - TIPO DE MATERIAL | |
| Tipo de material | UNESCO |
No items available.
